| 000 | 00542nam a22001697a 4500 | ||
|---|---|---|---|
| 005 | 20241105150841.0 | ||
| 008 | 241004b |||||||| |||| 00| 0 eng d | ||
| 020 | _a9788119365012 | ||
| 082 | _aDC 621.3192 Z72 2024 | ||
| 245 |
_aElectric Circuits / _cedited by Piyush Zode. |
||
| 260 |
_aIndia : _bDicovery Publishing House, _c©2024. |
||
| 300 |
_av. 245 pages : _billustrations ; _c224 cm. |
||
| 500 | _aIncludes references and index. | ||
| 650 | 0 |
_aElectric circuits. _963635 |
|
| 700 |
_aZode, Piyush. _962260 _eeditor. |
||
| 942 |
_2ddc _cDC |
||
| 999 |
_c22222 _d22222 |
||